000 00689nam a2200205 i 4500
001 185911
003 ES-MaACL
005 20250414191425.0
008 160822s1926 sp |||| | spa d
080 _a821.133.1-13"11"
130 3 _aLa Chanson de Roland.
_lEspañol.
_9119744
245 1 3 _aEl cantar de Roldán /
_ctraducción de Benjamín Jarnés.
260 _aMadrid :
_bRevista de Occidente,
_c1926.
300 _a196 p. ;
_c18 cm.
490 1 _aMusas lejanas. Mitos, cuentos, leyendas ;
_v6
700 1 _aJarnés, Benjamín,
_d1888-1949
_9154398
830 1 _aMusas lejanas. Mitos, cuentos, leyendas ;
_v6
_9192435
852 _aES-MaACL
_jC-13754
999 _c185911
_d185911